00450 a2200133 4500020001500000040001300015082001600028100001900044245009000063260004700153300003400200500002000234650006200254 a8121923255 aDLCbDLC a621.3819582 a Khanna, V. K. aDigital Signal Processing Telecommunications and Multi Media Technologyc V. K.Khanna aNew Delhi :bChand (S.) & Co Ltd.c, 2003. axv, 640 p.b: ill.c ; 24 cm. a Includes Index a1.Signal theory(Telecommunication).2.Digital Electronics.